000 00399nam a2200157Ia 4500
008 240729s9999 xx 000 0 und d
022 _a2956-7742
245 0 _aModern Finance
260 _aPoland
260 _bModern Finance Institute
650 _a Finance
650 _aSocial Sciences
856 _uhttps://doaj.org/toc/cdf6d73d6b3b4cec98afdf4e1e199153
942 _2ddc
942 _cDOAJEJ
999 _c68101
_d68101
945 _a1
_bMadushi Gamage
_c1
_dMadushi Gamage